000 00647nam a2200205Ii 4500
001 12452
003 CO-ViMGA
008 241108s9999||||xx |||||||||||||| ||und||
040 _aCO-ViMGA
_bspa
_erda
_cCO-ViMGA
041 0 _aunk
082 0 4 _a986.016-A72c
100 1 _aGermán Arciniegas
_947266
245 1 0 _a<El> Caballero de El Dorado
264 1 _a[Lugar de publicación no identificado] : Latinoamericana, [Fecha de publicación no identificada]
300 _avolumen
336 _atext
_btxt
_2rdacontent
337 _aunmediated
_bn
_2rdamedia
338 _avolume
_bnc
_2rdacarrier
940 _aidficha_siabuc: 12160. -- ficha_no_siabuc:12452
999 _c51938
_d51938